000 00537nam a2200193Ia 4500
003 OSt
005 20201006105229.0
008 190216s9999||||xx |||||||||||||| ||und||
020 _a0074518593
040 _coclc
082 _a005.133
_bKUM/P
100 _aKumar, Ram
_95344
245 0 _aProgramming With Fortran 77 /
_cRam Kumar
250 _a1st Ed.
260 _bTata Mcgrawhill Publishers,
_c1999.
_aNew Delhi:
300 _a386p
650 _aComputer
942 _cBK
_2ddc
_h005.133
_iKUM/P
_k005.133
_mKUM/P
999 _c8768
_d8768